Normal view
MARC view
- CANZONE POLACCA [DISCHI]
Entry Topical Term
001 - CONTROL NUMBER
- control field: 24720
003 - CONTROL NUMBER IDENTIFIER
- control field: IT-RoPau
005 - DATE AND TIME OF LATEST TRANSACTION
- control field: 20140512214757.0
008 - FIXED-LENGTH DATA ELEMENTS
- fixed length control field: 140512|| aca||aabn | a|a d
040 ## - CATALOGING SOURCE
- Original cataloging agency: IT-RoPau
- Transcribing agency: IT-RoPau
150 ## - HEADING--TOPICAL TERM
- Topical term or geographic name entry element: CANZONE POLACCA [DISCHI]
- : Codice MATERIA SPICS: 9950
670 ## - SOURCE DATA FOUND
- Source citation: Work cat.: (IT-RoPau)101833: AA.VV. 794, Spiewamy Parez Przyjacioz (Lp Sx 2452)